000 00948nam a2200265Ia 4500
003 OSt
005 20220923211219.0
006 a|||||r|||| 00| 0
007 ta
008 220922b |||||||| |||| 00| 0 hin d
020 _a9788126720507 (hbk)
_c600
024 _a262,126
037 _b1863, 16/07/2012, Kiran Book Service
_cTextual
040 _aARTS
_cARTS
_bhin
041 _2hin
_ahin
082 _aO152,6N06w, Q1
100 _aत्रिपाठी, विश्वनाथ
245 0 _aव्योमकेश दरवेश
246 _aVyomakesh daravesha
260 _aनयी दिल्ली
_b राजकमल प्रकाशन
_c2011
300 _a463पृ.
_ccm.
650 _aहिन्दी साहित्य
_9156264
942 _hO152,6N06w, Q1
_cTEXL
_2CC
999 _c297035
_d297035